000
00321nam a22001337a 4500
008
170524b xxu||||| |||| 00| 0 eng d
020
_a
0974245100
041
_a
eng
080
_a
621
100
_a
26
101
_a
IM
245
_a
THE EXPANDING FOLE OF MASS SPECTROMETRY IN BIOTECHNOLOGY
_c
SIUZDAK,G
942
_2
udc
_c
BK
999
_c
14186
_d
14186